| 000 | 00770nam a2200229 a 4500 | ||
|---|---|---|---|
| 001 | BRL_89 | ||
| 005 | 20190320210601.0 | ||
| 008 | 781128s1947 mx-a#####c---#000-0#spa-# | ||
| 041 | _aspa | ||
| 044 | _amx | ||
| 050 | 4 |
_aND259.O7 _b.J67 1947 |
|
| 245 | 1 | 0 |
_aJosé Clemente Orozco _bexposición nacional. |
| 260 |
_aMéxico _bSEP _c1947 |
||
| 300 |
_a1 v. (sin paginación) _bil. _c23 cm. |
||
| 500 | _aCatálogo que el Instituto Nacional de Bellas Artes publica con motivo de la exposición nacional retrospectiva José Clemente Orozco | ||
| 500 | _aAu112 | ||
| 600 | 1 | 4 |
_aOrozco, José Clemente _d1883-1949 _99279 |
| 650 | 1 | 4 |
_aArte mexicano _vExposiciones _922872 |
| 710 | 2 |
_aInstituto Nacional de Bellas Artes y Literatura _922873 |
|
| 902 | _aGRL | ||
| 942 |
_2lcc _cB |
||
| 999 |
_c8902 _d8902 |
||